| 000 | 00524nam a2200193 i 4500 | ||
|---|---|---|---|
| 001 | 114719 | ||
| 003 | ES-MaACL | ||
| 005 | 20250328063128.0 | ||
| 007 | t| | ||
| 008 | 070322s1972 sp ||||1| spa d | ||
| 080 | _a821.134.2-31"19" | ||
| 100 | 1 |
_aAdro Xavier, _d1910-1998 _918481 |
|
| 245 | 1 | 4 |
_aLas cuentas de una vida / _cAdro Xavier. |
| 250 | _a1ยช ed. | ||
| 260 |
_aBarcelona : _bMarte, _c1972. |
||
| 300 |
_a310 p. ; _c20 cm. |
||
| 852 |
_aES-MaACL _jC-43805 _bR.82678 |
||
| 999 |
_c114719 _d114719 |
||